[Event "Junior Online 4NCL Division 1"]
[Site "online"]
[Date "2020.10.15"]
[Round "5.168"]
[White "Sagar, Aneesh"]
[Black "Jonikas, Augustas"]
[Result "1-0"]
[WhiteElo "1667"]
[BlackElo "1547"]
[PlyCount "65"]
[EventDate "2020.10.15"]
[WhiteTeam "KJCA Young Kestrels C"]
[BlackTeam "Surbiton Juniors A"]

1. c4 c5 2. d3 Nf6 3. Nc3 e6 4. g3 Be7 5. Bg2 O-O 6. Nf3 Nc6 7. O-O d5 8. cxd5
exd5 9. Bf4 a6 10. e3 b5 11. d4 c4 12. Qd2 Na7 13. a3 a5 14. Ne5 Nd7 15. Bxd5
Rb8 16. Nxd7 Bxd7 17. Bxb8 Qxb8 18. Bg2 Qc8 19. Rfd1 Bd6 20. Ne4 Bb8 21. Qxa5
Re8 22. Nc5 Bh3 23. Qb6 Bxg2 24. Kxg2 Qf5 25. e4 Qg4 26. d5 Qg5 27. d6 Qe5 28.
d7 Rf8 29. d8=Q Bc7 30. Qxf8+ Kxf8 31. Qxa7 Bd6 32. Nd7+ Ke7 33. Nxe5+ 1-0

[Event "Junior Online 4NCL Division 2"]
[Site "online"]
[Date "2020.08.20"]
[Round "1.97"]
[White "Gascoyne, Thomas"]
[Black "Sagar, Aneesh"]
[Result "0-1"]
[WhiteElo "1187"]
[BlackElo "1667"]
[PlyCount "66"]
[EventDate "2020.08.20"]
[WhiteTeam "Ojays F"]
[BlackTeam "KJCA Young Kestrels D"]

1. e4 e5 2. Nf3 Nc6 3. Bc4 Bc5 4. d3 Nf6 5. O-O O-O 6. h3 d6 7. Bg5 Be6 8. b3
Qe7 9. Nc3 Nd4 10. Nxd4 Bxd4 11. Nd5 Bxd5 12. Bxd5 c6 13. Bc4 Bxa1 14. Qxa1 b5
15. d4 bxc4 16. dxe5 Qxe5 17. Be3 Qxa1 18. Rxa1 c3 19. Bg5 Nxe4 20. Be7 Rfe8
21. Bh4 g5 22. Bg3 Nxg3 23. fxg3 Re2 24. Rc1 Rae8 25. Kf1 Rd2 26. Kg1 Ree2 27.
Kh1 Rxc2 28. Rd1 Rcd2 29. Rc1 c2 30. a4 Rd1+ 31. Rxd1 cxd1=Q+ 32. Kh2 Qf1 33.
b4 Qxg2# 0-1

[Event "Junior Online 4NCL Division 2"]
[Site "online"]
[Date "2020.08.20"]
[Round "1.98"]
[White "Luo, Yifan"]
[Black "Conlon, George"]
[Result "1-0"]
[WhiteElo "1585"]
[BlackElo "1120"]
[PlyCount "41"]
[EventDate "2020.08.20"]
[WhiteTeam "KJCA Young Kestrels D"]
[BlackTeam "Ojays F"]

1. d3 g6 2. e3 Bg7 3. Nc3 Nf6 4. Bd2 O-O 5. Nf3 Nc6 6. Be2 b6 7. O-O Bb7 8. d4
d5 9. Bd3 Nh5 10. Ne2 f5 11. Ng3 Nf6 12. c4 Ng4 13. h3 Nh6 14. Rc1 Re8 15. cxd5
Nb8 16. Bc4 e5 17. dxe6 Bxf3 18. Qxf3 c6 19. e7+ Qd5 20. Bxd5+ cxd5 21. Qxd5+
1-0

[Event "Junior Online 4NCL Division 2"]
[Site "online"]
[Date "2020.08.20"]
[Round "1.101"]
[White "Asryan, Kagik"]
[Black "Xu, Jiarui"]
[Result "1-0"]
[WhiteElo "1300"]
[BlackElo "1412"]
[PlyCount "105"]
[EventDate "2020.08.20"]
[WhiteTeam "Harrow Juniors C"]
[BlackTeam "Cambridge Chess & Go B"]

1. e4 e5 2. d4 exd4 3. Bc4 Nf6 4. Nf3 d6 5. Nxd4 h6 6. Nc3 Be7 7. O-O O-O 8. h3
c5 9. Nf5 Bxf5 10. exf5 Qd7 11. Qd3 a6 12. Bf4 Nc6 13. a3 Nd4 14. Nd5 Nxd5 15.
Bxd5 Rab8 16. g4 b5 17. c3 Nc6 18. Bxc6 Qxc6 19. Rad1 Rfd8 20. Qd5 Rbc8 21.
Rfe1 Kf8 22. Rd2 Qxd5 23. Rxd5 Rc6 24. b3 Bg5 25. Bxg5 hxg5 26. Kg2 f6 27. Re6
Kf7 28. Kg3 c4 29. b4 g6 30. f4 gxf5 31. gxf5 gxf4+ 32. Kxf4 Rh8 33. Rexd6 Rxd6
34. Rxd6 Rxh3 35. Rxa6 Rxc3 36. Ra7+ Kf8 37. Rb7 Rxa3 38. Rxb5 c3 39. Ke3 Ke7
40. Kd3 Kd6 41. Kc2 Kc6 42. Rc5+ Kd6 43. Ra5 Rxa5 44. bxa5 Kc5 45. Kxc3 Kb5 46.
Kd4 Kc6 47. a6 Kb6 48. Kd5 Kxa6 49. Ke6 Kb6 50. Kxf6 Kc6 51. Ke7 Kd5 52. f6 Ke5
53. f7 1-0

[Event "Junior Online 4NCL Division 2"]
[Site "online"]
[Date "2020.08.20"]
[Round "1.102"]
[White "Ke, Kevin"]
[Black "Benhamou, Nathan"]
[Result "0-1"]
[WhiteElo "1352"]
[BlackElo "1322"]
[PlyCount "154"]
[EventDate "2020.08.20"]
[WhiteTeam "Cambridge Chess & Go B"]
[BlackTeam "Harrow Juniors C"]

1. d4 d5 2. c4 c6 3. cxd5 cxd5 4. Nc3 Nc6 5. Nf3 Nf6 6. Bg5 Bg4 7. Bxf6 exf6 8.
h3 Bxf3 9. exf3 Bb4 10. Bb5 Qb6 11. Bxc6+ Qxc6 12. Qb3 Bxc3+ 13. Qxc3 Qxc3+ 14.
bxc3 O-O 15. O-O Rac8 16. Rab1 b6 17. Rb3 h6 18. Re1 Rfe8 19. Rxe8+ Rxe8 20.
Ra3 Re7 21. Kh2 a5 22. Rb3 Rb7 23. a4 f5 24. Rb5 g6 25. Rxd5 Rc7 26. Rd8+ Kg7
27. Rb8 Rxc3 28. Rxb6 Rc4 29. d5 Rxa4 30. d6 Rd4 31. Ra6 a4 32. d7 Rxd7 33.
Rxa4 Rd2 34. Kg3 h5 35. h4 Rc2 36. Rb4 Rc6 37. Rd4 Rf6 38. f4 Re6 39. f3 Re3
40. Rd6 Re6 41. Rxe6 fxe6 42. Kf2 Kf6 43. Ke3 e5 44. fxe5+ Kxe5 45. f4+ Kd5 46.
g3 Kc4 47. Kf3 Kd4 48. Kf2 Ke4 49. Kg2 Ke3 50. Kh3 Kf2 51. Kh2 Kf3 52. Kh3 Ke2
53. Kg2 Ke3 54. Kg1 Kf3 55. Kh2 Kf2 56. Kh3 Kg1 57. g4 hxg4+ 58. Kg3 Kf1 59. h5
gxh5 60. Kh4 Kf2 61. Kxh5 g3 62. Kg5 g2 63. Kxf5 g1=Q 64. Ke5 Qg3 65. Kf5 Kf3
66. Ke6 Qxf4 67. Kd5 Qe4+ 68. Kc5 Qd3 69. Kc6 Qd4 70. Kc7 Ke4 71. Kc6 Qd5+ 72.
Kc7 Kd4 73. Kc8 Qd6 74. Kb7 Kc5 75. Kc8 Qe7 76. Kb8 Kc6 77. Ka8 Qb7# 0-1

[Event "Junior Online 4NCL Division 2"]
[Site "online"]
[Date "2020.08.20"]
[Round "1.103"]
[White "Valecha, Nikhil"]
[Black "Syposz, Adam"]
[Result "0-1"]
[WhiteElo "1285"]
[BlackElo "1315"]
[PlyCount "138"]
[EventDate "2020.08.20"]
[WhiteTeam "Harrow Juniors C"]
[BlackTeam "Cambridge Chess & Go B"]

1. c4 e5 2. Nc3 Nf6 3. g3 Nc6 4. Bg2 g6 5. e3 Bb4 6. Nge2 d6 7. d4 exd4 8. exd4
Qe7 9. d5 Na5 10. Qa4+ Bd7 11. Qxb4 b6 12. Nb5 c5 13. Qd2 Nxc4 14. Nc7+ Kd8 15.
Qc3 Kxc7 16. Qxc4 Qe5 17. Qc2 Bg4 18. f3 Bd7 19. O-O Bb5 20. b4 Bxe2 21. Re1
Qxa1 22. Rxe2 Qd4+ 23. Be3 Qxb4 24. Qb2 Rhe8 25. Qxf6 Qb1+ 26. Bf1 Qd3 27.
Qxf7+ Kb8 28. Qxe8+ Kb7 29. Rb2 Qxf1+ 30. Kxf1 Rxe8 31. Bf4 Rf8 32. Bxd6 Rxf3+
33. Rf2 Rd3 34. Rf7+ Ka6 35. Rf6 Rxd5 36. Bc7 Rd2 37. Rf2 Rd7 38. Bf4 h5 39. h4
c4 40. g4 hxg4 41. Rg2 Rh7 42. Rxg4 c3 43. Bg5 c2 44. h5 Rxh5 45. Bc1 Rd5 46.
Rc4 Rd1+ 47. Ke2 Rxc1 48. Kd3 g5 49. Kd2 Ra1 50. Rxc2 g4 51. Rc3 Rxa2+ 52. Kc1
b5 53. Rg3 Ra4 54. Rxg4 Rxg4 55. Kb2 Rg3 56. Kc2 Ka5 57. Kd2 Kb4 58. Ke2 Ra3
59. Kd2 Rh3 60. Ke2 Rg3 61. Kf2 Ra3 62. Ke2 Kc5 63. Kd2 Kc4 64. Kc2 Ra2+ 65.
Kb1 Kb3 66. Kc1 Kb4 67. Kb1 Kb3 68. Kc1 Rh2 69. Kb1 Rh1# 0-1

[Event "Junior Online 4NCL Division 2"]
[Site "online"]
[Date "2020.08.20"]
[Round "1.104"]
[White "Lee, Isaac"]
[Black "Rahman, Faraz"]
[Result "1-0"]
[WhiteElo "1219"]
[BlackElo "1232"]
[PlyCount "87"]
[EventDate "2020.08.20"]
[WhiteTeam "Cambridge Chess & Go B"]
[BlackTeam "Harrow Juniors C"]

1. e4 c6 2. d4 d5 3. Nc3 dxe4 4. Nxe4 Bf5 5. Nc3 e6 6. Nf3 Bb4 7. Bd2 Bxc3 8.
Bxc3 Ne7 9. Bc4 O-O 10. O-O b5 11. Bd3 Bxd3 12. Qxd3 f5 13. Qe3 Rf6 14. Rfe1
Nd5 15. Qd3 Rg6 16. Ne5 Rh6 17. Bd2 Rh5 18. Nf3 Qf6 19. b3 Na6 20. c4 Ndc7 21.
Bf4 Qg6 22. Ne5 Qf6 23. Nxc6 e5 24. Nxe5 Qh4 25. Qg3 Ne6 26. Qxh4 Rxh4 27. Bg3
Rh5 28. Nc6 bxc4 29. Rxe6 cxb3 30. axb3 Nc7 31. Bxc7 Rc8 32. Bb8 f4 33. Bxf4
Rb5 34. h3 Rxb3 35. Rxa7 Rc3 36. Ne7+ Kf8 37. Nxc8 Rxc8 38. Bd6+ Kg8 39. Be5 g6
40. d5 Rc1+ 41. Kh2 Rc2 42. d6 Rxf2 43. Ra8+ Kf7 44. Re7# 1-0

[Event "Junior Online 4NCL Division 2"]
[Site "online"]
[Date "2020.08.20"]
[Round "1.105"]
[White "Xu, Jiarui"]
[Black "Asryan, Kagik"]
[Result "0-1"]
[WhiteElo "1412"]
[BlackElo "1300"]
[PlyCount "108"]
[EventDate "2020.08.20"]
[WhiteTeam "Cambridge Chess & Go B"]
[BlackTeam "Harrow Juniors C"]

1. e4 g6 2. d4 Bg7 3. b3 d6 4. Bb2 c6 5. Nc3 Qc7 6. Bc4 b5 7. Bd3 Nd7 8. Nf3 e5
9. dxe5 Nxe5 10. Nxe5 dxe5 11. O-O Nf6 12. Bxb5 cxb5 13. Nxb5 Qc5 14. Nd6+ Ke7
15. a4 Rd8 16. Ba3 Qxa3 17. Rxa3 Rxd6 18. Qe2 Kf8 19. Rd1 Ba6 20. c4 Nxe4 21.
Rxd6 Nxd6 22. Ra2 Nf5 23. Qd2 Bf6 24. g4 Rd8 25. Qxd8+ Bxd8 26. gxf5 gxf5 27.
Rc2 Ba5 28. c5 Bd3 29. Rc1 f4 30. c6 Bc7 31. Rc3 e4 32. b4 Ke7 33. Kg2 f5 34.
f3 Ke6 35. Kf2 Kd5 36. fxe4+ fxe4 37. a5 Kd4 38. Rc5 a6 39. b5 Kxc5 40. bxa6
Bxa6 41. h4 h5 42. Ke1 Kxc6 43. Kd2 Bxa5+ 44. Kd1 f3 45. Kc2 f2 46. Kb3 Bb5 47.
Kc2 f1=Q 48. Kb2 Qe2+ 49. Kb3 Qd3+ 50. Kb2 Qc3+ 51. Ka2 Bc4+ 52. Kb1 Qb3+ 53.
Kc1 Qa2 54. Kd1 Qd2# 0-1

[Event "Junior Online 4NCL Division 2"]
[Site "online"]
[Date "2020.08.20"]
[Round "1.106"]
[White "Benhamou, Nathan"]
[Black "Ke, Kevin"]
[Result "0-1"]
[WhiteElo "1322"]
[BlackElo "1352"]
[PlyCount "116"]
[EventDate "2020.08.20"]
[WhiteTeam "Harrow Juniors C"]
[BlackTeam "Cambridge Chess & Go B"]

1. e4 e5 2. Nf3 Nc6 3. Nc3 Nf6 4. Bb5 Bb4 5. d3 Bxc3+ 6. bxc3 d6 7. Bxc6+ bxc6
8. Bg5 Ba6 9. O-O O-O 10. Re1 Rb8 11. Rb1 Rxb1 12. Qxb1 Qb8 13. Bxf6 Qxb1 14.
Rxb1 gxf6 15. Nh4 Kg7 16. Nf5+ Kh8 17. Ne7 Kg7 18. Nxc6 Kg6 19. Rb8 Rxb8 20.
Nxb8 Bb7 21. Nd7 f5 22. exf5+ Kxf5 23. Nf8 h5 24. Nh7 e4 25. Kf1 exd3 26. cxd3
c5 27. f3 d5 28. Nf8 c4 29. Nd7 cxd3 30. Ke1 Ba6 31. Nc5 Bb5 32. h3 Ke5 33. Kd2
d4 34. Nxd3+ Bxd3 35. Kxd3 dxc3 36. Kxc3 Kf4 37. a4 Kg3 38. a5 Kxg2 39. Kb4
Kxf3 40. Kc5 f5 41. Kc6 f4 42. Kb7 Kg3 43. Kxa7 f3 44. Kb7 f2 45. a6 f1=Q 46.
a7 Qf7+ 47. Ka8 Kxh3 48. Kb8 Qe8+ 49. Kc7 Qa8 50. Kb6 h4 51. Ka6 Kg3 52. Kb6 h3
53. Ka6 h2 54. Kb6 h1=Q 55. Ka6 Qac6+ 56. Ka5 Qa1+ 57. Kb4 Qb1+ 58. Ka5 Qcb5#
0-1

[Event "Junior Online 4NCL Division 2"]
[Site "online"]
[Date "2020.08.20"]
[Round "1.107"]
[White "Syposz, Adam"]
[Black "Valecha, Nikhil"]
[Result "0-1"]
[WhiteElo "1315"]
[BlackElo "1285"]
[PlyCount "58"]
[EventDate "2020.08.20"]
[WhiteTeam "Cambridge Chess & Go B"]
[BlackTeam "Harrow Juniors C"]

1. e4 c5 2. Nc3 Nc6 3. Nf3 g6 4. d3 Bg7 5. g3 e6 6. Bg2 Nge7 7. Bg5 h6 8. Bf4
d5 9. exd5 exd5 10. Qe2 d4 11. Ne4 Bg4 12. Nxc5 Qa5+ 13. Bd2 Qxc5 14. a3 Qxc2
15. Ra2 Qb1+ 16. Qd1 Qxa2 17. O-O O-O 18. Qc1 Qd5 19. Bxh6 Bxh6 20. Qxh6 Nf5
21. Qf4 Bxf3 22. Bxf3 Qa2 23. Qg5 Qxb2 24. Bh5 Ng7 25. Bf3 Qc3 26. Rc1 Qxd3 27.
Bxc6 bxc6 28. Rxc6 Rac8 29. Ra6 Qxa6 0-1

[Event "Junior Online 4NCL Division 2"]
[Site "online"]
[Date "2020.08.20"]
[Round "1.108"]
[White "Rahman, Faraz"]
[Black "Lee, Isaac"]
[Result "0-1"]
[WhiteElo "1232"]
[BlackElo "1219"]
[PlyCount "80"]
[EventDate "2020.08.20"]
[WhiteTeam "Harrow Juniors C"]
[BlackTeam "Cambridge Chess & Go B"]

1. d4 d5 2. c4 c6 3. cxd5 cxd5 4. Nc3 Bf5 5. Nf3 Nc6 6. a3 Nf6 7. Bg5 e6 8.
Bxf6 Qxf6 9. e3 a6 10. Be2 Bd6 11. O-O O-O 12. Bd3 Bg4 13. Be2 Qh6 14. g3 Qh5
15. Ne1 Bxe2 16. Qxe2 Qxe2 17. Nxe2 f5 18. Nc3 b5 19. b4 g6 20. Rc1 Rfc8 21.
Nd3 Kf7 22. Rc2 Kf6 23. Rfc1 Ne7 24. f4 h5 25. Kf2 Rc7 26. Ne5 Bxe5 27. dxe5+
Kf7 28. Nxb5 Rxc2+ 29. Rxc2 axb5 30. Rc3 Nc8 31. h3 Nb6 32. Kf3 Nc4 33. g4 Nd2+
34. Kg3 Ne4+ 35. Kf3 Nxc3 36. gxf5 gxf5 37. Kg3 Rxa3 38. Kh4 Kg6 39. Kg3 Ne4+
40. Kf3 Rb3 0-1

[Event "Junior Online 4NCL Division 2"]
[Site "online"]
[Date "2020.08.20"]
[Round "1.111"]
[White "Gauri, Dhairye"]
[Black "Li, Ethan"]
[Result "1-0"]
[WhiteElo "1510"]
[BlackElo "1840"]
[PlyCount "67"]
[EventDate "2020.08.20"]
[WhiteTeam "Uxbridge Juniors A"]
[BlackTeam "May The Fork Be With You 1"]

1. e4 c5 2. Nf3 Nc6 3. d4 cxd4 4. Nxd4 Qc7 5. Nc3 e6 6. a3 a6 7. Be2 Nf6 8.
Nxc6 bxc6 9. O-O d5 10. exd5 cxd5 11. Re1 Bd6 12. g3 O-O 13. Bd3 Bb7 14. Bg5
Be7 15. Bf4 Qd7 16. Be5 Qd8 17. b4 Nd7 18. Qh5 g6 19. Qh6 Nxe5 20. Rxe5 Bf6 21.
Rh5 Re8 22. Qxh7+ Kf8 23. Rh6 Bxc3 24. Rb1 d4 25. Bxg6 Qf6 26. Bxf7 Qf3 27.
Qg8+ Ke7 28. Rxe6+ Kd7 29. Bxe8+ Rxe8 30. Qxe8+ Kc7 31. Qe7+ Kb8 32. Qd8+ Ka7
33. Qb6+ Kb8 34. Re8# 1-0

[Event "Junior Online 4NCL Division 2"]
[Site "online"]
[Date "2020.08.20"]
[Round "1.112"]
[White "Fukui, Nao"]
[Black "Knight, Samuel"]
[Result "1-0"]
[WhiteElo "1637"]
[BlackElo "1300"]
[PlyCount "125"]
[EventDate "2020.08.20"]
[WhiteTeam "May The Fork Be With You 1"]
[BlackTeam "Uxbridge Juniors A"]

1. d4 e6 2. Nf3 d5 3. c4 c5 4. g3 Nc6 5. Bg2 Bd7 6. O-O cxd4 7. Nxd4 Nf6 8. Nc3
dxc4 9. Nxc6 Bxc6 10. Bxc6+ bxc6 11. Qa4 Qb6 12. Qxc4 Nd5 13. Na4 Qb5 14. Qxb5
cxb5 15. e4 Nb4 16. Nc3 a6 17. Be3 Nc2 18. Rac1 Nxe3 19. fxe3 Bc5 20. Kf2 O-O
21. Nxb5 Bxe3+ 22. Kxe3 axb5 23. a3 e5 24. Rfd1 Rfd8 25. Rd5 Rab8 26. Rxe5 f6
27. Rec5 Rd7 28. Rc8+ Rxc8 29. Rxc8+ Kf7 30. Rb8 Rd1 31. Rxb5 Rh1 32. h4 Rg1
33. Kf3 Rf1+ 34. Kg4 Kg6 35. a4 Ra1 36. a5 Ra4 37. b4 h5+ 38. Kf4 Kf7 39. e5
Ke6 40. exf6 gxf6 41. Rb6+ Ke7 42. Kf5 Ra3 43. a6 Rxg3 44. Rb7+ Kd6 45. Kxf6
Rg8 46. a7 Ra8 47. b5 Kc5 48. Kg5 Kb4 49. Kxh5 Ka5 50. Kg6 Kb4 51. h5 Kc5 52.
h6 Kd6 53. h7 Ke6 54. h8=Q Rxh8 55. Rb8 Rh3 56. Re8+ Kd7 57. a8=Q Rg3+ 58. Kf6
Rh3 59. Qc8+ Kd6 60. Qxh3 Kc7 61. Re6 Kd7 62. Qh7+ Kd8 63. Qf7 1-0

[Event "Junior Online 4NCL Division 2"]
[Site "online"]
[Date "2020.08.20"]
[Round "1.113"]
[White "Das, Devorshi"]
[Black "Shah, Rahul"]
[Result "0-1"]
[WhiteElo "1127"]
[BlackElo "1502"]
[PlyCount "48"]
[EventDate "2020.08.20"]
[WhiteTeam "Uxbridge Juniors A"]
[BlackTeam "May The Fork Be With You 1"]

1. e4 c5 2. Nf3 d6 3. Bc4 Nf6 4. Nc3 g6 5. d3 Bg7 6. O-O O-O 7. Bg5 Nc6 8. Qe2
Qb6 9. Rab1 Bg4 10. a3 Nd4 11. Bxf6 Nxe2+ 12. Kh1 Bxf6 13. d4 Nxc3 14. bxc3 Qc7
15. dxc5 dxc5 16. h3 Bxf3 17. gxf3 b6 18. Rg1 Qf4 19. Rg2 Qxf3 20. Rb3 Qd1+ 21.
Rg1 Qxc2 22. Rbb1 Qxe4+ 23. Rg2 Qxb1+ 24. Kh2 Be5+ 0-1

[Event "Junior Online 4NCL Division 2"]
[Site "online"]
[Date "2020.08.20"]
[Round "1.114"]
[White "Valanju, Samit"]
[Black "Jebananthan, Jeshan"]
[Result "1-0"]
[WhiteElo "1397"]
[BlackElo "1060"]
[PlyCount "47"]
[EventDate "2020.08.20"]
[WhiteTeam "May The Fork Be With You 1"]
[BlackTeam "Uxbridge Juniors A"]

1. e4 e5 2. Nf3 Nc6 3. d4 Bd6 4. Be2 Nf6 5. d5 Nb4 6. Nc3 O-O 7. O-O Ng4 8. h3
Nf6 9. Be3 b6 10. a3 Na6 11. Qd2 c6 12. Rac1 h6 13. g4 Bb7 14. Rfe1 Nc5 15. b4
Na6 16. b5 cxb5 17. Nxb5 Bc5 18. Bxc5 Nxe4 19. Qe3 Nexc5 20. Qxe5 f6 21. Qf4
Bxd5 22. Nd6 Qe7 23. Bxa6 Qf7 24. Nxf7 1-0

[Event "Junior Online 4NCL Division 2"]
[Site "online"]
[Date "2020.08.20"]
[Round "1.115"]
[White "Li, Ethan"]
[Black "Gauri, Dhairye"]
[Result "0-1"]
[WhiteElo "1840"]
[BlackElo "1510"]
[PlyCount "104"]
[EventDate "2020.08.20"]
[WhiteTeam "May The Fork Be With You 1"]
[BlackTeam "Uxbridge Juniors A"]

1. e4 e5 2. Nf3 Nc6 3. d4 exd4 4. Nxd4 Nxd4 5. Qxd4 c5 6. Qd1 Nf6 7. Nc3 d6 8.
Bg5 Be7 9. Bxf6 Bxf6 10. Bc4 O-O 11. O-O Be6 12. Bb3 a6 13. a4 c4 14. Ba2 Rb8
15. Qd2 b5 16. axb5 axb5 17. Qc1 b4 18. Nd1 Ra8 19. Qe3 b3 20. cxb3 cxb3 21. f4
bxa2 22. Rf3 Qb8 23. f5 Bxb2 24. Nxb2 Qxb2 25. Rxa2 Bxa2 26. Rg3 Bc4 27. h4
Ra1+ 28. Kh2 Qe5 29. Qf3 f6 30. h5 h6 31. Qg4 Qe7 32. e5 Bd5 33. Qg6 Ra2 34.
Qxh6 fxe5 35. Qg6 Qh4+ 36. Rh3 Qf4+ 37. Rg3 Rxg2+ 38. Kh3 Rxg3+ 39. Qxg3 Qxf5+
40. Kh4 Qf4+ 41. Qxf4 Rxf4+ 42. Kh3 Be6+ 43. Kh2 d5 44. h6 gxh6 45. Kg2 d4 46.
Kh2 d3 47. Kg2 d2 48. Kg3 Rg4+ 49. Kh2 Rh4+ 50. Kg3 d1=Q 51. Kg2 Qe2+ 52. Kg1
Rg4+ 0-1

[Event "Junior Online 4NCL Division 2"]
[Site "online"]
[Date "2020.08.20"]
[Round "1.116"]
[White "Knight, Samuel"]
[Black "Fukui, Nao"]
[Result "1-0"]
[WhiteElo "1300"]
[BlackElo "1637"]
[PlyCount "69"]
[EventDate "2020.08.20"]
[WhiteTeam "Uxbridge Juniors A"]
[BlackTeam "May The Fork Be With You 1"]

1. d4 d5 2. Bf4 Nf6 3. e3 c5 4. c3 g6 5. Bd3 Bg7 6. Nd2 O-O 7. Ngf3 Nc6 8. Qc2
Re8 9. O-O-O Qa5 10. a3 b5 11. dxc5 e5 12. Nxe5 Nxe5 13. Bxe5 Rxe5 14. Qb3 b4
15. cxb4 Qc7 16. Nf3 Re7 17. Rd2 Ne4 18. Bxe4 dxe4 19. Ng5 Qe5 20. Rd5 Qf6 21.
Rd8+ Bf8 22. Nxh7 Qg7 23. Nxf8 Qxf8 24. Rxf8+ Kxf8 25. Qd5 Bb7 26. Qc4 Rd8 27.
Rd1 Rc8 28. Qd4 Kg8 29. Qf6 Re6 30. Rd8+ Rxd8 31. Qxd8+ Kh7 32. Qd7 Bc6 33.
Qxf7+ Kh6 34. Qxe6 Bb5 35. c6 1-0

[Event "Junior Online 4NCL Division 2"]
[Site "online"]
[Date "2020.08.20"]
[Round "1.117"]
[White "Shah, Rahul"]
[Black "Das, Devorshi"]
[Result "0-1"]
[WhiteElo "1502"]
[BlackElo "1127"]
[PlyCount "120"]
[EventDate "2020.08.20"]
[WhiteTeam "May The Fork Be With You 1"]
[BlackTeam "Uxbridge Juniors A"]

1. d4 e5 2. dxe5 Nc6 3. Nf3 Qe7 4. Bg5 Qb4+ 5. Nbd2 Qxb2 6. e3 f6 7. exf6 Nxf6
8. Bxf6 gxf6 9. Bc4 Bb4 10. O-O d6 11. Ne4 Rf8 12. Bb5 Bd7 13. Bxc6 Bxc6 14.
Ned2 O-O-O 15. Rb1 Qa3 16. Nd4 Rg8 17. Nxc6 bxc6 18. Nc4 Qa4 19. Qd4 d5 20. Nd2
a5 21. c3 c5 22. Qf4 Qxa2 23. cxb4 Qxd2 24. bxc5 Qc3 25. Rfc1 Qe5 26. Qa4 Qe4
27. Qxe4 dxe4 28. g3 Kd7 29. Rd1+ Kc6 30. Rxd8 Rxd8 31. Ra1 Ra8 32. Rc1 a4 33.
Kf1 a3 34. Ke1 a2 35. Ra1 Kxc5 36. Kd2 Kb4 37. Kc2 c5 38. Kb2 c4 39. Kc2 Ka3
40. Kc3 Ka4 41. Kxc4 Ka3 42. Kc3 Rb8 43. Kc2 Rc8+ 44. Kd2 Kb2 45. Rd1 Rd8+ 46.
Ke2 Rxd1 47. Kxd1 a1=Q+ 48. Kd2 Qh1 49. Ke2 Qxh2 50. Kf1 Kc2 51. Ke2 Qg1 52. f4
Qxg3 53. f5 Kb3 54. Kd2 Kb4 55. Ke2 Qg2+ 56. Ke1 Kc3 57. Kd1 Kd3 58. Kc1 Qd2+
59. Kb1 Kc3 60. Ka1 Qb2# 0-1

[Event "Junior Online 4NCL Division 2"]
[Site "online"]
[Date "2020.08.20"]
[Round "1.118"]
[White "Jebananthan, Jeshan"]
[Black "Valanju, Samit"]
[Result "0-1"]
[WhiteElo "1060"]
[BlackElo "1397"]
[PlyCount "142"]
[EventDate "2020.08.20"]
[WhiteTeam "Uxbridge Juniors A"]
[BlackTeam "May The Fork Be With You 1"]

1. e4 e6 2. d4 d5 3. exd5 exd5 4. Nc3 Nf6 5. Bg5 Be7 6. Bb5+ c6 7. Bd3 O-O 8.
Bxf6 Bxf6 9. Qh5 Re8+ 10. Kd1 g6 11. Qf3 Bxd4 12. Nge2 Bg7 13. Nf4 Qf6 14.
Nfxd5 Qd8 15. Ne3 h5 16. Kc1 Be6 17. Nc4 Qd7 18. Re1 Bg4 19. Rxe8+ Qxe8 20. Qe4
Qd7 21. Ne5 Bxe5 22. Qxe5 Qd8 23. Ne4 Na6 24. Nf6+ Kf8 25. Nxg4 hxg4 26. h3
gxh3 27. gxh3 Nb4 28. Bc4 b5 29. Qc5+ Kg8 30. Qxb4 bxc4 31. Qxc4 Qe7 32. Kd2
Rd8+ 33. Kc3 Qf6+ 34. Kb3 Qxf2 35. Rf1 Qe3+ 36. Kb4 Rb8+ 37. Ka4 Rf8 38. h4 Qh6
39. Rh1 g5 40. Rg1 Qh5 41. Rxg5+ Qxg5 42. hxg5 Re8 43. g6 Rf8 44. Qh4 fxg6 45.
Qg4 Kg7 46. Qg5 Rf5 47. Qg4 Kf6 48. Kb4 g5 49. Kc4 Rf4+ 50. Qxf4+ gxf4 51. Kd3
c5 52. a4 Ke5 53. c3 a5 54. b4 Kd5 55. bxa5 Kc6 56. Kc4 f3 57. a6 f2 58. a7
f1=Q+ 59. Kb3 Qa6 60. c4 Qxa7 61. Ka3 Qa5 62. Kb3 Kb6 63. Ka3 Kc6 64. Kb3 Kd6
65. Ka3 Ke5 66. Kb3 Kd4 67. Ka3 Kxc4 68. Kb2 Qxa4 69. Kc1 Kc3 70. Kb1 Qb3+ 71.
Ka1 Qb2# 0-1

[Event "Junior Online 4NCL Division 2"]
[Site "online"]
[Date "2020.08.20"]
[Round "1.121"]
[White "Tathare, Rohan"]
[Black "Asensio, Tomas"]
[Result "1-0"]
[WhiteElo "1232"]
[BlackElo "1007"]
[PlyCount "123"]
[EventDate "2020.08.20"]
[WhiteTeam "Watford Juniors C"]
[BlackTeam "Robin Hoods 3"]

1. e4 d6 2. Nc3 Nf6 3. Bc4 Nbd7 4. Nf3 e5 5. d4 Be7 6. dxe5 Nxe5 7. Nxe5 dxe5
8. Qxd8+ Kxd8 9. O-O Ke8 10. Nd5 Bd8 11. f4 Nxd5 12. Bxd5 c6 13. Bb3 exf4 14.
Bxf4 Bb6+ 15. Kh1 Bg4 16. Bg3 Ke7 17. Rxf7+ Ke8 18. Rxg7 Bh5 19. Rxb7 Bg6 20.
Re1 Ba5 21. Re2 Bh5 22. Re3 Bd2 23. Rd3 Bh6 24. Rdd7 Bg5 25. Bf7+ Bxf7 26. Rxf7
Rf8 27. Rxf8+ Kxf8 28. Rxh7 Rd8 29. Rh8+ Kf7 30. Rxd8 Bxd8 31. Kg1 Bb6+ 32. Kf1
Ke6 33. Ke2 Kd7 34. Kf3 c5 35. h4 Ke7 36. Kg4 Kf6 37. e5+ Kf7 38. Kg5 Bd8+ 39.
Kf5 Be7 40. e6+ Kg7 41. Ke5 Kg6 42. Bf2 Kh5 43. c4 Kg4 44. Kd5 Kh5 45. Bxc5
Bxh4 46. e7 Bxe7 47. Bxe7 Kg4 48. c5 Kg3 49. c6 Kxg2 50. c7 Kf2 51. c8=Q Ke2
52. Qc3 Kd1 53. b4 Ke2 54. Qd4 Kf3 55. Qe5 Kg4 56. Qf6 Kg3 57. Qf5 Kg2 58. Qf4
Kh3 59. Qg5 Kh2 60. Ke4 Kh3 61. Kf3 a5 62. Qg3# 1-0

[Event "Junior Online 4NCL Division 2"]
[Site "online"]
[Date "2020.08.20"]
[Round "1.122"]
[White "Babu, Guhan"]
[Black "Chadha, Ishaan"]
[Result "0-1"]
[WhiteElo "1037"]
[BlackElo "1142"]
[PlyCount "88"]
[EventDate "2020.08.20"]
[WhiteTeam "Robin Hoods 3"]
[BlackTeam "Watford Juniors C"]

1. e4 d6 2. d4 Nf6 3. Nc3 Nbd7 4. Nf3 e5 5. d5 Be7 6. Bg5 Nf8 7. Bxf6 Bxf6 8.
Bb5+ Bd7 9. Bxd7+ Qxd7 10. O-O Ng6 11. Qd2 c6 12. dxc6 bxc6 13. Rad1 Rd8 14.
Qd3 Nf4 15. Qe3 h5 16. Rd2 Bg5 17. Nxg5 Qg4 18. Qg3 Qd7 19. Rfd1 h4 20. Qh3
Nxh3+ 21. Nxh3 O-O 22. Rxd6 Qe7 23. Rxc6 Rxd1+ 24. Nxd1 Qd7 25. Nc3 Qxc6 26.
Nd5 Qxc2 27. g3 Qxe4 28. Ne7+ Kh8 29. Ng5 Qe1+ 30. Kg2 Re8 31. Nf5 g6 32. Nxf7+
Kh7 33. Ng5+ Kg8 34. Nh6+ Kg7 35. Ng4 Rf8 36. Ne6+ Kf7 37. Nxf8 Kxf8 38. Nf6
Kf7 39. Ng4 Qe4+ 40. f3 Qe2+ 41. Kh3 Qxf3 42. Nh6+ Kf6 43. Ng4+ Kg5 44. Nxe5
Qf1# 0-1

[Event "Junior Online 4NCL Division 2"]
[Site "online"]
[Date "2020.08.20"]
[Round "1.123"]
[White "Keerthi Kumar, Advait"]
[Black "Stoyanov, Boris"]
[Result "1-0"]
[WhiteElo "1157"]
[BlackElo "775"]
[PlyCount "51"]
[EventDate "2020.08.20"]
[WhiteTeam "Watford Juniors C"]
[BlackTeam "Robin Hoods 3"]

1. e4 e5 2. Nf3 Nc6 3. Bc4 h6 4. O-O Nf6 5. Nc3 d6 6. h3 Nd4 7. Nxd4 exd4 8.
Nd5 Nxe4 9. Re1 Bf5 10. d3 c6 11. dxe4 Bg6 12. Nf4 d5 13. exd5+ Be7 14. Nxg6
fxg6 15. Qf3 Rf8 16. Qg4 d3 17. Qxg6+ Rf7 18. d6 Kd7 19. Qe6+ Ke8 20. Qxf7+ Kd7
21. Rxe7+ Kxd6 22. Qe6+ Kc5 23. Be3+ Kb4 24. a3+ Ka5 25. Qe5+ Ka4 26. b3# 1-0